Multi-Category Minefield Blitz VI Quiz Stats

 Plays Quiz Updated Oct 14, 2021

Support Sporcle.
Go Orange.
Score 0/30 Timer 01:00
32 Plays Today
% Correct
???
65.4%
???
64.5%
???
64.3%
???
64.2%
???
64%
???
63.3%
???
62.1%
???
61.9%
???
61.6%
???
61.2%
???
58.8%
???
58.7%
???
58.7%
???
58.7%
???
58.5%
% Correct
???
58.5%
???
57.4%
???
56.1%
???
54.9%
???
54.4%
???
52.4%
???
52.4%
???
52.4%
???
51.4%
???
50.6%
???
49.9%
???
44.4%
???
43.3%
???
42%
???
37.5%

From the Vault

Overlapping NFL Names

by hempick

Sports 6m
This is what happens when first names tackle last names.
Remove Ads.
Support Sporcle.
Get the best of Sporcle when you Go Orange. This ad-free experience offers more features, more stats, and more fun while also helping to support Sporcle. Thank you for becoming a member.

Show Comments

Extras

Top Quizzes Today


Score Distribution

Your Account Isn't Verified!

In order to create a playlist on Sporcle, you need to verify the email address you used during registration. Go to your Sporcle Settings to finish the process.

Report this User

Report this user for behavior that violates our Community Guidelines.

Details: